Dubai office market update (Record no. 83923)
[ view plain ]
| 000 -LEADER | |
|---|---|
| fixed length control field | 01296cad a22002055a 4500 |
| 001 - CONTROL NUMBER | |
| control field | L155872 |
| 008 - FIXED-LENGTH DATA ELEMENTS--GENERAL INFORMATION | |
| fixed length control field | 120418e2012 xxk 000 0 eng d |
| 035 ## - SYSTEM CONTROL NUMBER | |
| System control number | (Sirsi) u155872 |
| 041 0# - LANGUAGE CODE | |
| Language code of text/sound track or separate title | eng |
| 110 2# - MAIN ENTRY--CORPORATE NAME | |
| Corporate name or jurisdiction name as entry element | Knight Frank |
| 9 (RLIN) | 1530 |
| 245 00 - TITLE STATEMENT | |
| Title | Dubai office market update |
| Remainder of title | Q1 2012 |
| Medium | [electronic resource] |
| 260 ## - PUBLICATION, DISTRIBUTION, ETC. | |
| Place of publication, distribution, etc. | [S.l.] |
| Name of publisher, distributor, etc. | Knight Frank |
| Date of publication, distribution, etc. | 2012 |
| 490 #0 - SERIES STATEMENT | |
| Series statement | Knight Frank Dubai Office Market Update |
| Volume/sequential designation | Q1 2012 |
| 520 ## - SUMMARY, ETC. | |
| Summary, etc. | Dubai remains the pre-eminent business destination in the Middle East. The completion of large amounts of new secondary stock continues to detract from positive activity in prime locations and buildings. Well located, single ownership buildings with good parking facilities and high quality management will further attract and retain tenants. Prime headline rents remain unchanged over Q1 2012. Figures cover Dubai office stock (2008-2013); total vacancy rates; key market indicators; current demand by occupier in Q1 2012 ; and tenant size requirement (sq ft) in Q1 2012. Table shows indicative rents by district. |
| 590 ## - LOCAL NOTE (RLIN) | |
| Local note | KA |
| 651 #4 - SUBJECT ADDED ENTRY--GEOGRAPHIC NAME | |
| Geographic name | Dubai |
| 690 ## - LOCAL SUBJECT ADDED ENTRY--TOPICAL TERM (OCLC, RLIN) | |
| Topical term or geographic name as entry element | Commercial property |
| 9 (RLIN) | 6227 |
| 856 40 - ELECTRONIC LOCATION AND ACCESS | |
| Uniform Resource Identifier | <a href="https://my.knightfrank.com/research/?regionid=8">https://my.knightfrank.com/research/?regionid=8</a> |
| Public note | View the report (click on Middle East in the Refine box, then click on title) at my.knightfrank.com |
| 942 ## - ADDED ENTRY ELEMENTS (KOHA) | |
| Suppress in OPAC | 0 |
| Withdrawn status | Lost status | Source of classification or shelving scheme | Damaged status | Not for loan | Home library | Current library | Shelving location | Date acquired | Total Checkouts | Full call number | Barcode | Date last seen | Copy number | Price effective from | Koha item type |
|---|---|---|---|---|---|---|---|---|---|---|---|---|---|---|---|
| Dewey Decimal Classification | Virtual | Virtual | Online | 18/04/2012 | ONLINE PUBLICATION | 155872-2001 | 06/08/2019 | 1 | 06/08/2019 | Book |